Therapeutic guidelines : (Record no. 7066)
[ view plain ]
| 000 -LEADER | |
|---|---|
| fixed length control field | 00879cam a2200265 4500 |
| 001 - CONTROL NUMBER | |
| control field | 8193 |
| 005 - DATE AND TIME OF LATEST TRANSACTION | |
| control field | 20181127185337.0 |
| 008 - FIXED-LENGTH DATA ELEMENTS--GENERAL INFORMATION | |
| fixed length control field | 000517s2000 at a bf 001 0 eng |
| 020 ## - INTERNATIONAL STANDARD BOOK NUMBER | |
| International Standard Book Number | 9780980476453 |
| Terms of availability | |
| Canceled/invalid ISBN | |
| 245 00 - TITLE STATEMENT | |
| Title | Therapeutic guidelines : |
| Remainder of title | respiratory. |
| 246 14 - VARYING FORM OF TITLE | |
| Title proper/short title | Therapeutic guidelines respiratory |
| 250 ## - EDITION STATEMENT | |
| Edition statement | Version 2. |
| 260 ## - PUBLICATION, DISTRIBUTION, ETC. | |
| Place of publication, distribution, etc. | North Melbourne, Vic. : |
| Name of publisher, distributor, etc. | Therapeutic Guidelines Ltd., |
| Date of publication, distribution, etc. | 2009. |
| 300 ## - PHYSICAL DESCRIPTION | |
| Extent | xii, 228 p. : |
| Other physical details | ill. |
| 336 ## - CONTENT TYPE | |
| Content type term | text |
| Content type code | txt |
| Source | rdacontent |
| 337 ## - MEDIA TYPE | |
| Media type term | unmediated |
| Media type code | n |
| Source | rdamedia |
| 338 ## - CARRIER TYPE | |
| Carrier type term | volume |
| Carrier type code | nc |
| Source | rdacarrier |
| 500 ## - GENERAL NOTE | |
| General note | ""ISSN 1441-516X""--Cover p. [4]. |
| 504 ## - BIBLIOGRAPHY, ETC. NOTE | |
| Bibliography, etc. note | Includes bibliographical references and index. |
| 650 12 - SUBJECT ADDED ENTRY--TOPICAL TERM | |
| Topical term or geographic name entry element | Respiratory Tract Diseases |
| General subdivision | drug therapy |
| Authority record control number or standard number | |
| 655 #2 - INDEX TERM--GENRE/FORM | |
| Genre/form data or focus term | Handbooks |
| Authority record control number | |
| Genre/form data or focus term | Practice Guideline |
| Authority record control number | |
| 710 2# - ADDED ENTRY--CORPORATE NAME | |
| Corporate name or jurisdiction name as entry element | Therapeutic Guidelines Limited. |
| Withdrawn status | Lost status | Source of classification or shelving scheme | Damaged status | Not for loan | Collection code | Home library | Current library | Shelving location | Serial Enumeration / chronology | Inventory number | Total Checkouts | Full call number | Barcode | Date last seen | Date last checked out | Price effective from | Koha item type |
|---|---|---|---|---|---|---|---|---|---|---|---|---|---|---|---|---|---|
| Dewey Decimal Classification | Main TEST | RTC Library | RTC Library | Main opac | 12907 | 1 | 612 THE | 30012711 | 07/02/2020 | 28/01/2020 | 27/11/2018 | Main |